|
|
|
|
| LEADER |
00686cam a2200217 a 4500 |
| 001 |
0000071740 |
| 005 |
20040308090000.0 |
| 040 |
|
|
|a mod
|
| 041 |
|
|
|a eng
|
| 020 |
0 |
0 |
|a 0201634589
|
| 090 |
0 |
0 |
|a 005.133
|b CHA
|e 1997
|
| 100 |
1 |
0 |
|a Chan
|h Patrick
|
| 245 |
1 |
4 |
|a The Java class libraries
|b an annotated reference
|c Patrick Chan, Rosanna Lee
|
| 260 |
0 |
0 |
|a Reading, Massachusetts
|b Addison-Wesley
|c 1997
|
| 300 |
0 |
0 |
|a xxvi, 1660p.
|c 24cm
|
| 440 |
0 |
0 |
|a The Java series
|
| 500 |
0 |
0 |
|a Includes bibliographical references and index
|
| 650 |
0 |
0 |
|a Java (Computer program language)
|
| 700 |
1 |
1 |
|a Lee
|h Rosanna
|
| 852 |
0 |
0 |
|a 01
|
| 999 |
|
|
|a 0222774
|b KEMENTAH
|d BOOKS
|e Umum
|f Perpustakaan KEMENTAH
|j AVAILABLE
|q GOOD CONDITION
|